Pacote anticrime Anl̀ise das principais mudanȧs no sistema penal ̉luz da advocacia criminal - ANACRIM /

Detalles Bibliográficos
Autor principal: da Silva Rezende, Juarez
Otros Autores: de Jesus de Souza, Danielle Paula, de Campos Fernandes, Flv̀io Augusto
Formato: eBook
Lenguaje:portugués
Publicado: Rio de Janeiro: Editora Processo, 2020
Materias:
Acceso en línea:Acceso restringido

MARC

LEADER 00000nam a22000007a 4500
005 20220817013919.0
007 cr|||| ||||
008 220817s2020 br |||||s|||| 00||0 por d
020 |a 978-85-93741-95-1 
035 |a 36839 
040 |a vLex 
090 |c 13717  |d 13717 
100 1 |a da Silva Rezende, Juarez 
245 1 0 |a Pacote anticrime  |h [Recurso electrn̤ico] :  |b Anl̀ise das principais mudanȧs no sistema penal ̉luz da advocacia criminal - ANACRIM /  |c Juarez da Silva Rezende, Danielle Paula de Jesus de Souza, Flv̀io Augusto de Campos Fernandes 
256 |a Servicio en ln̕ea 
260 |a Rio de Janeiro:  |b Editora Processo,  |c 2020 
300 |a 1 recurso electrn̤ico 
500 |a Aps̤ a leitura dos artigos, imprescindv̕el ̉compreensô da obra e, consequentemente, a redaȯ̂ deste singelo prefc̀io, encantei-me ainda mais com o arco de possibilidades disposto na Lei 13.964/19, sendo certo que todo adjetivo ou elogio que se possa dirigir aos articulistas parecer ̀uma frugal tentativa de definir a grandeza dessa iniciativa e o esmero acadm̊ico de todos os envolvidos. 
506 1 |a Disponible solo en los productos indicados  |d vLex Global  |d vLex Global (Academic Edition, excluding Law Schools)  |d vLex Global (U.S. Academic Edition, Law Schools)  |d vLex Global (U.S. Academic Edition, excluding Law Schools)  |d vLex Global (Academic Edition, Law Schools) 
650 0 4 |a Derecho Penal  |z Brasil 
700 1 |a de Jesus de Souza, Danielle Paula 
700 1 |a de Campos Fernandes, Flv̀io Augusto 
740 0 |a vLex Libros (Servicio en ln̕ea) 
856 4 0 |u https://app.vlex.com/#/sources/36839  |z Acceso restringido 
942 |c BOOK 
999 0 |a Criminal law